[Event "Yerevan"]
[Site "Yerevan"]
[Date "1984.??.??"]
[Round "?"]
[White "Petrosian, Arshak B"]
[Black "Short, Nigel D"]
[Result "1/2-1/2"]
[WhiteElo "2470"]
[BlackElo "2500"]

1.d4 Nf6 2.c4 e6 3.Nf3 b6 4.a3 d5 5.cxd5 exd5 6.Nc3 Be7 7.Bf4 O-O 8.e3 c6
9.Ne5 Bf5 10.g4 Be6 11.Bd3 Nfd7 12.Qc2 h6 13.Bf5 Nxe5 14.dxe5 Bh4 15.Bg3 Nd7
16.f4 a5 17.Rg1 Nc5 18.Rd1 Re8 19.Ne2 Bxg3+ 20.hxg3 f6 21.Nd4 Bxf5 22.gxf5 fxe5
23.Nxc6 Qf6 24.Nxe5 Rxe5 25.fxe5 Qxe5 26.Qc3 Qxf5 27.Qd4 Rd8 28.Rf1 Qg6 29.Rf3 Kh8
30.Qh4 Re8 31.Qd4 Rd8 32.Kf2 Qc2+ 33.Kg1 a4 34.Rdf1 Kh7 35.Rf7 Qg6 36.Qf4 Nd3
37.Qc7 Rg8 38.Kh2 Qh5+ 39.Kg1 Qg5 40.Kh2 Qxe3 41.Qc2 Re8 42.Qc7  1/2-1/2

[Event "Yerevan"]
[Site "Yerevan"]
[Date "1984.??.??"]
[Round "?"]
[White "Petrosian, Arshak B"]
[Black "Rodriguez, Amador"]
[Result "1/2-1/2"]
[WhiteElo "2470"]
[BlackElo "2445"]

1.d4 Nf6 2.c4 e6 3.Nf3 b6 4.a3 Ba6 5.Qc2 Bb7 6.Nc3 c5 7.dxc5 bxc5 8.Bf4 Be7
9.h3 O-O 10.e3 Nc6 11.Be2 d6 12.O-O Qc7 13.Rfd1  1/2-1/2

[Event "Yerevan"]
[Site "Yerevan"]
[Date "1984.??.??"]
[Round "?"]
[White "Rashkovsky, Nukhim N"]
[Black "Prandstetter, Eduard"]
[Result "1/2-1/2"]
[WhiteElo "2470"]
[BlackElo "2435"]

1.d4 Nf6 2.c4 e6 3.Nf3 b6 4.a3 Bb7 5.Nc3 d5 6.cxd5 exd5 7.Bf4 Bd6 8.g3 O-O
9.Bg2 Na6 10.O-O Bxf4 11.gxf4 c5 12.Ne5 Nc7 13.dxc5 bxc5 14.b4 cxb4 15.axb4 Qe7
16.Qd2 Rfd8 17.Rfc1 Ne4 18.Nxe4 dxe4 19.Qe3 Ne6 20.Bxe4 Qxb4 21.Rc4 Qb5 22.Bxb7 Qxb7
23.f5 Qb2 24.Qc3  1/2-1/2

[Event "Zuerich op"]
[Site "Zuerich"]
[Date "1984.??.??"]
[Round "2"]
[White "Hess, Ralf"]
[Black "Keller, Dieter"]
[Result "1/2-1/2"]
[WhiteElo "2335"]
[BlackElo "2405"]

1.d4 Nf6 2.c4 e6 3.Nf3 b6 4.a3 d5 5.cxd5 exd5 6.g3 Be7 7.Bg2 O-O 8.Nc3 c6
9.O-O Bf5 10.Ne5 Qc8 11.Bg5 Bh3 12.e4 Bxg2 13.Kxg2 dxe4 14.Bxf6 Bxf6 15.Nxe4 Be7
16.Rc1 Qe6 17.Qf3 Rd8 18.Rfd1 Qd5 19.Nc3 Qxf3+ 20.Kxf3 f6 21.Nc4 Nd7 22.b4 Rac8
23.h4 Kf7 24.Ne3 c5 25.dxc5 bxc5 26.b5 c4 27.a4 Bb4 28.Ke2 Nb6 29.Ncd5 Nxd5
30.Nxd5 Ba5 31.Ne3 Rxd1 32.Rxd1 Ke6 33.Nc2 Bb6 34.Nb4 Rc5 35.Nc6 Rf5 36.f4 Rd5
37.Rc1 Rd3 38.a5 Bc7 39.Rxc4 Rxg3 40.Ra4 Rg2+ 41.Kf3 Rb2 42.Nxa7 Kd5 43.a6 Rb3+
44.Kg4 g6 45.h5 Bb6 46.Nc8 Bf2 47.hxg6 hxg6 48.Ra2 Rg3+ 49.Kh4 Rf3+ 50.Rxf2 Rxf2
51.b6 Kc6 52.b7 Rb2 53.Ne7+ Kc7 54.Nd5+ Kb8 55.Nxf6 Rd2 56.Kg5 Rd6  1/2-1/2

[Event "Aarhus-D"]
[Site "Aarhus"]
[Date "1985.??.??"]
[Round "2"]
[White "Schandorff, Lars"]
[Black "Ochsner, Thomas"]
[Result "0-1"]
[WhiteElo "2275"]
[BlackElo "2200"]

1.d4 Nf6 2.c4 e6 3.Nf3 b6 4.a3 Bb7 5.Nc3 d5 6.cxd5 exd5 7.Qa4+ Nbd7 8.Ne5 c5
9.e4 a6 10.Nxd7 Qxd7 11.Qxd7+ Kxd7 12.Nxd5 Nxd5 13.exd5 Bxd5 14.Be3 c4 15.Rg1 Bd6
16.g3 f5 17.Bg2 Kc6 18.Bxd5+ Kxd5 19.Kd2 b5 20.Kc2 Ra7 21.Rge1 Re8 22.Bg5 Rxe1
23.Rxe1 h6 24.Bf4 Re7 25.Rxe7 Bxe7 26.Be5 g5 27.f3 g4 28.fxg4 fxg4 29.Kc3 h5
30.Bc7 Bg5 31.Bb8 Be3 32.Be5 Bg1 33.Kb4 Bxh2 34.Ka5 h4 35.Kxa6 Bxg3  0-1

[Event "Albena"]
[Site "Albena"]
[Date "1985.??.??"]
[Round "?"]
[White "Lechtynsky, Jiri"]
[Black "Farago, Ivan"]
[Result "1/2-1/2"]
[WhiteElo "2450"]
[BlackElo "2510"]

1.d4 Nf6 2.Nf3 e6 3.c4 b6 4.a3 Ba6 5.Qc2 Bb7 6.Nc3 c5 7.e4 cxd4 8.Nxd4 d6
9.Be2 Be7 10.Be3 O-O 11.O-O a6 12.f3 Nbd7 13.Rfc1 Rc8 14.Qd1 Qc7 15.f4 Qb8
16.Nb3 d5 17.cxd5 exd5 18.Nxd5 Nxd5 19.exd5 Qd6 20.Qd2 Qxd5 21.Qxd5 Bxd5
22.Nd4 b5 23.Nf5 Bf6 24.Bd4 Bxd4+ 25.Nxd4 Nb6 26.Nf5 Rxc1+ 27.Rxc1 Re8 28.Kf2 Bc4
29.Bxc4 Nxc4 30.Rc3 g6  1/2-1/2

[Event "AUT-ch"]
[Site "?"]
[Date "1985.??.??"]
[Round "1"]
[White "Miniboeck, Guenter"]
[Black "Herzog, Adolf"]
[Result "1/2-1/2"]
[WhiteElo "2290"]
[BlackElo "2445"]

1.d4 e6 2.c4 Nf6 3.Nf3 b6 4.a3 d5 5.cxd5 exd5 6.Nc3 Be7 7.Bf4 O-O 8.e3 c5
9.Ne5 Bb7 10.Be2 Nbd7 11.O-O Nxe5 12.Bxe5 Qd7 13.dxc5 bxc5 14.Qa4 Qe6 15.Bg3 Rfd8
16.Rfd1 Bd6 17.Rd2 Bxg3 18.hxg3 Bc6 19.Qa5 Qe7 20.Bf3 Rd7 21.Rad1 Rad8 22.b4 d4
23.exd4 cxd4 24.Ne2 Bxf3 25.gxf3 Rd5 26.Qa6 d3 27.Rxd3 h5 28.Rxd5 Nxd5 29.Qc4 Nb6
30.Rxd8+ Qxd8 31.Qd4 Qe8 32.Qe4 Qd7 33.Nd4 Nc4 34.Nf5 Qd1+ 35.Kh2 Nd2 36.Qe8+ Kh7
37.Qxf7 Nxf3+ 38.Kg2 Ne1+ 39.Kh2 Nf3+ 40.Kg2 Ne1+  1/2-1/2

[Event "Balatonbereny op"]
[Site "Balatonbereny"]
[Date "1985.??.??"]
[Round "3"]
[White "Farago, Sandor"]
[Black "Vadasz, Laszlo"]
[Result "1/2-1/2"]
[WhiteElo "2325"]
[BlackElo "2420"]

1.d4 Nf6 2.c4 e6 3.Nf3 b6 4.a3 Bb7 5.Nc3 d5 6.cxd5 exd5 7.Bg5 Be7 8.Qa4+ c6
9.Qc2 O-O 10.e3 Nbd7 11.Bd3 a5 12.O-O g6 13.h3 Re8 14.Bf4 Nf8 15.Rad1 Ne6
16.Bh2 Bd6 17.Ne5 Nd7 18.f4 Nxe5 19.fxe5 Bf8 20.Qf2 Qd7 21.Kh1 Ba6 22.e4 Bxd3
23.Rxd3 Bg7 24.exd5 cxd5 25.Qf3 Rad8 26.a4 Rf8 27.Bg3 f5 28.Qd1 Rf7 29.Nb5 Bf8
30.Rc3 Bb4 31.Rc2 Rc8 32.Be1 Bf8 33.Rxc8 Qxc8 34.Qb3 Rd7 35.Bd2 Qd8 36.Qc2 Nc7
37.Rc1 Nxb5 38.axb5 Bb4 39.Be3 Qh4 40.Qc6 Rd8 41.Qxb6 Rf8 42.Qe6+ Kh8 43.Rc7 f4
44.Qd7 Be7 45.Bg1 f3 46.Qg4 f2 47.Bxf2 Rxf2 48.Qxh4 Bxh4 49.g3 Bxg3 50.b6 Kg8
51.b7 Rh2+ 52.Kg1 Rxb2 53.Rc8+ Kf7 54.b8=Q Bf2+ 55.Kg2 Rxb8 56.Rxb8 Bxd4
57.Rd8 Ke6 58.Re8+ Kf5 59.e6 h5 60.e7 Ke6 61.Rg8 Kxe7 62.Rxg6 Bf6 63.Rh6 h4
64.Kf3 Ke6 65.Rh7 Kd6 66.Ra7 Bc3 67.Ke3 d4+ 68.Kd3 Ke5 69.Rh7 a4 70.Ra7 Kf4
71.Rxa4 Kg3  1/2-1/2

[Event "Boeblingen op"]
[Site "Boeblingen"]
[Date "1985.??.??"]
[Round "?"]
[White "Rapp, Ralf"]
[Black "Melcher, Wolfgang"]
[Result "1/2-1/2"]
[WhiteElo "2200"]
[BlackElo "2200"]

1.d4 e6 2.Nf3 Nf6 3.c4 b6 4.a3 c5 5.d5 Ba6 6.Qc2 exd5 7.cxd5 d6 8.Nc3 g6
9.g3 Bg7 10.Bg2 O-O 11.O-O Re8 12.Re1 b5 13.e4 Nbd7 14.Bd2 Qb6 15.h3 Bb7
16.Be3 a6 17.Nd2 Qc7 18.Kh2 c4 19.f4 Nc5  1/2-1/2

[Event "Borgarnes"]
[Site "Borgarnes"]
[Date "1985.??.??"]
[Round "6"]
[White "Petursson, Margeir"]
[Black "Hansen, Curt"]
[Result "0-1"]
[WhiteElo "2535"]
[BlackElo "2505"]

1.d4 Nf6 2.c4 e6 3.Nf3 b6 4.a3 Bb7 5.Nc3 d5 6.cxd5 Nxd5 7.Qc2 c5 8.dxc5 Bxc5
9.Bg5 Qc8 10.Rc1 h6 11.Nxd5 hxg5 12.b4 g4 13.Ne5 Rh5 14.Qa4+ Nc6 15.bxc5 Rxe5
16.Ne3 Rxc5 17.Rxc5 bxc5 18.g3 Kf8 19.h3 Nd4 20.Rh2 gxh3 21.Rxh3 Qc6 22.Qxc6 Bxc6
23.Rh5 Nb3 24.Nc4 Rd8 25.Ne5 Be8 26.Rh4 Nd4 27.f3 Nc2+ 28.Kf2 Nxa3 29.Nd3 c4
30.Nb4 c3 31.Rh5 f5 32.Rh1 c2 33.Bg2 Rd1 34.Na2 Nb5 35.Re1 Nd4 36.Nc1 Ba4  0-1

[Event "Budapest Elekes"]
[Site "Budapest"]
[Date "1985.??.??"]
[Round "?"]
[White "Kallai, Gabor"]
[Black "Lukacs, Peter"]
[Result "1/2-1/2"]
[WhiteElo "2445"]
[BlackElo "2470"]

1.d4 Nf6 2.c4 e6 3.Nf3 b6 4.a3 Ba6 5.Qc2 Bb7 6.Nc3 c5 7.e3 a6 8.dxc5 Bxc5
9.Na4 O-O 10.Nxc5 bxc5 11.Be2 d6 12.O-O Nbd7 13.Rd1 Qe7 14.b3 Rad8 15.Bb2 Ne4
16.Ne1 f5 17.f3 Ng5 18.Qc3 e5 19.Rd2 Rf6 20.Rad1 Rg6 21.Kh1 Rf8 22.Qa5 Rc8
23.Qc3 Rh6 24.Bf1 Rf8 25.Qa5 Rc8 26.Qc3 Rf8 27.Qa5 Rc8  1/2-1/2

[Event "Budapest Elekes"]
[Site "Budapest"]
[Date "1985.??.??"]
[Round "?"]
[White "Kallai, Gabor"]
[Black "Lengyel, Levente"]
[Result "1-0"]
[WhiteElo "2445"]
[BlackElo "2395"]

1.d4 Nf6 2.c4 e6 3.Nf3 b6 4.a3 Bb7 5.Nc3 Ne4 6.Nxe4 Bxe4 7.Nd2 Bb7 8.e4 d5
9.cxd5 exd5 10.e5 Qd7 11.f4 c5 12.Bd3 Ba6 13.Bxa6 Nxa6 14.O-O Nc7 15.f5 O-O-O
16.Nf3 Nb5 17.e6 fxe6 18.Ne5 Qc7 19.fxe6 Nxd4 20.Nf7 Bd6 21.Bg5 Be7 22.Bxe7 Qxe7
23.Nxh8 Rxh8 24.Qa4 Qxe6 25.Qxa7 Re8 26.Rf7 Qe3+ 27.Kh1 Qe1+ 28.Rf1 Qe6 29.Rad1 Kd8
30.Qb8+ Kd7 31.Qb7+ Kd8 32.h3 Re7 33.Rf8+ Re8 34.Qb8+ Kd7 35.Rxe8 Qxe8 36.Qb7+  1-0

[Event "Alfoldi mem (Women)"]
[Site "Budapest"]
[Date "1985.??.??"]
[Round "?"]
[White "Csonkics, Tunde"]
[Black "Porubszky Angyalosine, Maria A"]
[Result "1-0"]
[WhiteElo "2125"]
[BlackElo "2160"]

1.d4 Nf6 2.Nf3 e6 3.c4 b6 4.a3 Bb7 5.Nc3 Be7 6.d5 O-O 7.e4 d6 8.Bd3 e5 9.O-O c6
10.b4 cxd5 11.cxd5 a5 12.Be3 Ng4 13.Bd2 Ba6 14.Bxa6 Nxa6 15.h3 axb4 16.axb4 Nf6
17.Rb1 Qc7 18.Qb3 Rfc8 19.Ra1 Qb7 20.Rfc1 h6 21.Ra2 Nc7 22.Rca1 Rxa2 23.Rxa2 Ra8
24.Be3 Rxa2 25.Qxa2 b5 26.Nd2 Nd7 27.Nb3 Kf8 28.Qe2 Qa6 29.Na5 Bf6 30.Qg4 Ke8
31.Kh2 Na8 32.Qe2 Nc7 33.Qg4 Na8 34.Qd1 Nc7 35.Qc2 Bg5 36.Bxg5 hxg5 37.Ne2 Qb6
38.Ng3 Nf8 39.Qd2 f6 40.Qe2 g6 41.Qg4 Nd7 42.Kg1 Qd4 43.h4 Qxb4 44.Nb7 Nxd5
45.Qe6+ Ne7 46.h5 Nf8 47.Qxf6 gxh5 48.Nxh5 Nfg6 49.Qxd6 Qxd6 50.Nxd6+ Kd7
51.Nxb5 Kc6 52.Nc3 Kc5 53.Nf6 Kd4 54.Ne2+ Kd3 55.Ng3 Nf4 56.Nh7 Ne6 57.Nf6 Ng6
58.Nf5 Ke2 59.f3 Nef4 60.Ng3+ Kd3 61.Ng4 Kd4 62.Nf5+ Kc5 63.Kf2 Kc6 64.Nge3 Kd7
65.Kg3 Ne6 66.Kg4 Ke8 67.Nd5 Kf7 68.Nd6+ Kg7 69.Kf5 Nef4 70.Nxf4 gxf4 71.Nc4 Nh4+
72.Kxe5 Nxg2 73.Kd6 Nh4 74.Nd2 Kf6 75.e5+ Kf7 76.Kd7 Ng6 77.e6+ Kf8 78.Nc4 Ne7
79.Ne5 Nd5 80.Kd8  1-0

[Event "Budapest Elekes"]
[Site "Budapest"]
[Date "1985.??.??"]
[Round "?"]
[White "Kallai, Gabor"]
[Black "Biro, Andras"]
[Result "1-0"]
[WhiteElo "2445"]
[BlackElo "2395"]

1.d4 Nf6 2.c4 e6 3.Nf3 b6 4.a3 Bb7 5.Nc3 d5 6.cxd5 Nxd5 7.Qc2 c5 8.dxc5 Bxc5
9.Bg5 Be7 10.Bxe7 Qxe7 11.Nxd5 exd5 12.e3 O-O 13.Bd3 h6 14.O-O Nc6 15.Rac1 Rac8
16.Qa4 Qf6 17.Rc2 Na5 18.Rfc1 Nc4 19.Qd7 Nd6 20.Nd4 Rxc2 21.Rxc2 a5 22.Qc7 Qd8
23.h3 Ba8 24.Ba6 Ne4 25.Qxd8 Rxd8 26.Rc7 Nc5 27.Bb5 Kf8 28.g3 Ne6 29.Nxe6+ fxe6
30.f4 d4 31.exd4 Be4 32.Kf2 Rd5 33.Bc4 Rd6 34.Ke3 Bc6 35.h4 Bd7 36.Ra7 Ke8
37.Ke4 b5 38.Ke5 Rb6 39.Bd3 a4 40.Be4 Ke7 41.Rb7 Ra6 42.d5  1-0

[Event "ARG-ch"]
[Site "Buenos Aires"]
[Date "1985.??.??"]
[Round "14"]
[White "Soppe, Guillermo"]
[Black "Grinberg, Ricardo"]
[Result "1/2-1/2"]
[WhiteElo "2370"]
[BlackElo "2370"]

1.d4 Nf6 2.Nf3 e6 3.a3 b6 4.c4 Ba6 5.Qc2 Bb7 6.Nc3 c5 7.e3 Be7 8.Bd3 a6 9.O-O O-O
10.Rd1 Qc7 11.d5 exd5 12.Nxd5 Bxd5 13.cxd5 d6 14.b4 Nbd7 15.b5 Rfc8 16.Bc4 axb5
17.Bxb5 Ra5 18.a4 Ne5 19.Nxe5 dxe5 20.Bb2 Ne8 21.f4 exf4 22.exf4 Nd6 23.Bc6 Bf8
24.Re1 b5 25.axb5 Nxb5 26.Be5 Nd6 27.Rxa5 Qxa5 28.Ra1 Qb6 29.Rb1 Qa7 30.Ra1 Qb6
31.Rb1 Qa7  1/2-1/2

[Event "BUL-FRA"]
[Site "?"]
[Date "1985.??.??"]
[Round "3"]
[White "Danailov, Silvio"]
[Black "Andruet, Gilles"]
[Result "0-1"]
[WhiteElo "2440"]
[BlackElo "2390"]

1.d4 Nf6 2.Nf3 e6 3.c4 b6 4.a3 c5 5.e3 Bb7 6.Nc3 cxd4 7.exd4 d5 8.Bg5 Be7
9.Bxf6 Bxf6 10.cxd5 Bxd5 11.Nxd5 Qxd5 12.Qa4+ Ke7 13.Rc1 Nd7 14.Bb5 Qe4+
15.Kd2 Nc5 16.Qc2 Bg5+ 17.Nxg5 Qxd4+ 18.Ke2 Qe5+ 19.Ne4 Rac8 20.f4 Qxe4+
21.Qxe4 Nxe4 22.Ke3 Nf6 23.Ba6 Rxc1 24.Rxc1 Rd8 25.g3 Ng4+ 26.Ke2 Nxh2 27.Rh1 Ng4
28.Rxh7 Nh6 29.Rxg7 Nf5 30.Rg4 Rh8 31.Kd2 Rh2+ 32.Kc1 Rh1+ 33.Kd2 Rb1 34.Kc3 Rg1
35.Bd3 Rxg3 36.Rxg3 Nxg3 37.Kd4 Kd6 38.Ke3 Nh5 39.Be4 Nf6  0-1

[Event "Midwest Masters"]
[Site "Chicago"]
[Date "1985.??.??"]
[Round "2"]
[White "Schiller, Eric"]
[Black "Quigley, Lawrence"]
[Result "1/2-1/2"]
[WhiteElo "2230"]
[BlackElo "2215"]

1.d4 Nf6 2.c4 e6 3.Nf3 b6 4.a3 d5 5.cxd5 exd5 6.Nc3 Be7 7.g3 O-O 8.Bg2 Bb7
9.O-O Nbd7 10.Bf4 Nh5 11.Rc1 Nxf4 12.gxf4 Nf6 13.Ne5 c5 14.dxc5 bxc5 15.Qa4 Qc8
16.Qb3 Rb8 17.Nd1 d4 18.Bxb7 Rxb7 19.Qf3 Rc7 20.e3 Rd8 21.Kh1 Qe6 22.exd4 Rxd4
23.Ne3 Nd5 24.Nxd5 Qxd5 25.Qxd5 Rxd5 26.Rfd1 Rxd1+ 27.Rxd1 f6 28.Nc4 Kf7  1/2-1/2

[Event "Frunze"]
[Site "Frunze"]
[Date "1985.??.??"]
[Round "10"]
[White "Kanstler, Boris"]
[Black "Szekely, Peter"]
[Result "1/2-1/2"]
[WhiteElo "2380"]
[BlackElo "2450"]

1.d4 Nf6 2.c4 e6 3.Nf3 b6 4.a3 Ba6 5.Qc2 Bb7 6.Nc3 c5 7.e4 cxd4 8.Nxd4 Nc6
9.Nxc6 Bxc6 10.e5 Ng8 11.Bf4 Ne7  1/2-1/2

[Event "Frunze"]
[Site "Frunze"]
[Date "1985.??.??"]
[Round "12"]
[White "Novak, Ivan"]
[Black "Szekely, Peter"]
[Result "1/2-1/2"]
[WhiteElo "2290"]
[BlackElo "2450"]

1.d4 Nf6 2.c4 e6 3.Nf3 b6 4.a3 Ba6 5.Qc2 Bb7 6.Nc3 c5 7.e4 cxd4 8.Nxd4 Nc6
9.Nxc6 Bxc6 10.Bf4 Bc5 11.Be2 O-O 12.O-O Ne8 13.Bd3 Qh4 14.Bg3 Qh6 15.Kh1  1/2-1/2

[Event "Gausdal zt"]
[Site "Gausdal"]
[Date "1985.??.??"]
[Round "?"]
[White "Schussler, Harry"]
[Black "Ostenstad, Berge"]
[Result "1-0"]
[WhiteElo "2455"]
[BlackElo "2330"]

1.d4 Nf6 2.c4 e6 3.Nf3 b6 4.a3 c5 5.d5 exd5 6.cxd5 g6 7.Nc3 Bg7 8.g3 O-O
9.Bg2 d6 10.O-O a6 11.a4 Qc7 12.h3 Nbd7 13.e4 Rb8 14.Qe2 Re8 15.Re1 h6 16.Qc4 Nh7
17.Bd2 Ng5 18.Nxg5 hxg5 19.Bxg5 Ne5 20.Qe2 c4 21.Be3 Nd3 22.Red1 b5 23.axb5 axb5
24.Ra7 Qd8 25.Rb1 Bd7 26.Nd1 Ra8 27.Rba1 Rxa7 28.Rxa7 b4 29.b3 Bb5 30.Rb7 Ba6
31.Rb6 Qa8 32.Qa2 cxb3 33.Qxa6 Qxa6 34.Rxa6 b2 35.Nxb2 Nxb2 36.Bf4 Nd3 37.Bxd6 b3
38.Bf1 Ne1 39.Rb6 b2 40.Ba3 Nf3+ 41.Kg2 Ne1+ 42.Kh1 Rxe4 43.d6 Rd4 44.Rxb2 Rd1
45.Rb8+ Kh7 46.Be2 Rd2 47.Re8 Nc2 48.Bc5 Rd5 49.Rc8 Be5 50.Rc7 Kg8 51.Bc4 Rd1+
52.Kh2  1-0

[Event "Lloyds Bank op"]
[Site "London"]
[Date "1985.??.??"]
[Round "?"]
[White "Morovic Fernandez, Ivan"]
[Black "Crawley, Gavin"]
[Result "1-0"]
[WhiteElo "2470"]
[BlackElo "2285"]

1.Nf3 Nf6 2.c4 e6 3.d4 b6 4.a3 d5 5.Nc3 Be7 6.cxd5 exd5 7.Bf4 O-O 8.e3 c5
9.Be2 Nc6 10.Ne5 Bb7 11.O-O cxd4 12.exd4 Ne4 13.Nxc6 Bxc6 14.Rc1 Qd7 15.Ba6 Bg5
16.Bxg5 Nxg5 17.Qd2 h6 18.b4 b5 19.Qc2 Rab8 20.Na4 Qg4 21.Qxc6 Nf3+ 22.Kh1 Qf4
23.Qc7 Qxc7 24.Rxc7 Nd2 25.Bxb5 Rxb5 26.Re1 Rbb8 27.Rxa7 Rfe8 28.Rd1 Rbc8
29.Nc5 Re2 30.Kg1 Rce8 31.h4 Nc4 32.b5 Ra2 33.a4 Ree2 34.Nd3 Nb2 35.b6 Nxd1
36.b7 Re8 37.Ra8 Re2 38.Ne5  1-0

[Event "Lugano op"]
[Site "Lugano"]
[Date "1985.??.??"]
[Round "?"]
[White "Wegner, Hannu"]
[Black "Hort, Vlastimil"]
[Result "0-1"]
[WhiteElo "2265"]
[BlackElo "2615"]

1.d4 Nf6 2.c4 e6 3.Nf3 b6 4.a3 Bb7 5.Nc3 d5 6.cxd5 Nxd5 7.Qc2 c5 8.e4 Nxc3
9.bxc3 Nd7 10.Bd3 Qc7 11.Qb1 g6 12.O-O Bg7 13.Ra2 O-O 14.a4 Rfe8 15.Bg5 a6
16.Rd1 Rac8 17.Be2 h6 18.Be3 Nf6 19.Nd2 Rb8 20.f3 Nd7 21.Rb2 Bf8 22.Bc4 Bc6
23.Bxa6 Bxa4 24.Rc1 Ra8 25.Bb5 Bxb5 26.Rxb5 Qc6 27.Nc4 Ra1 28.Qxa1 Qxb5 29.Qa2 cxd4
30.Bxd4 Rc8 31.Nd2 Qe2 32.Rc2 Bg7 33.Bxg7 Qe3+ 34.Kf1 Kxg7 35.Qa1 Qd3+  0-1

[Event "Lugano op"]
[Site "Lugano"]
[Date "1985.??.??"]
[Round "1"]
[White "Diaz, Edgardo"]
[Black "Short, Nigel D"]
[Result "0-1"]
[WhiteElo "2250"]
[BlackElo "2535"]

1.d4 Nf6 2.c4 e6 3.Nf3 b6 4.a3 Bb7 5.Nc3 d5 6.cxd5 Nxd5 7.Qa4+ Nd7 8.Bg5 Be7
9.Bxe7 Nxe7 10.e4 O-O 11.O-O-O a6 12.Qc2 Qc8 13.g3 c5 14.d5 exd5 15.exd5 Nf6
16.Bc4 b5 17.Rhe1 Nf5 18.Bf1 Nd6 19.Ne5 Qc7 20.Bg2 Rae8 21.f4 Bc8 22.Bf3 Bf5
23.Qg2 b4 24.Nb1 Bxb1 25.Kxb1 bxa3 26.bxa3 Nb5 27.Re3 c4 28.Ka2 Qc5 29.Qd2 Nd7
30.Rc1 Nxe5 31.fxe5 Rxe5 32.Rce1 c3 33.Qc1 Rxe3 34.Rxe3 Rc8 35.Be4 Nd4  0-1

[Event "Lugano op"]
[Site "Lugano"]
[Date "1985.??.??"]
[Round "3"]
[White "Covic, Darko"]
[Black "Short, Nigel D"]
[Result "0-1"]
[WhiteElo "2400"]
[BlackElo "2535"]

1.Nf3 Nf6 2.d4 e6 3.c4 b6 4.a3 Bb7 5.Nc3 d5 6.cxd5 exd5 7.g3 Be7 8.Bg2 O-O
9.O-O Ne4 10.Bf4 Nd7 11.Qa4 c5 12.Bh3 f5 13.Ne5 Nxe5 14.Bxe5 Bd6 15.Nxe4 fxe4
16.Bxd6 Qxd6 17.f4 exf3 18.exf3 Bc6 19.Qb3 cxd4 20.Rae1 Rae8 21.Qd3 Qc5 22.Rxe8 Rxe8
23.Rd1 Bb5 24.Qd2 d3+ 25.Kh1 Qe3 26.Qxe3 Rxe3 27.Kg1 Ba4 28.Rd2 Bc2 29.Kf2 d4
30.f4 Kf7 31.Bg2 a5 32.Bd5+ Ke7 33.Bg8 h6 34.Bc4 a4 35.Bg8 Kd6 36.Bh7 Kc5
37.Bg8 b5 38.Bf7 b4 39.Bg8 bxa3 40.bxa3 Re8  0-1

[Event "Lugano op"]
[Site "Lugano"]
[Date "1985.??.??"]
[Round "7"]
[White "Grooten, Herman"]
[Black "Chandler, Murray G"]
[Result "0-1"]
[WhiteElo "2345"]
[BlackElo "2585"]

1.d4 Nf6 2.Nf3 e6 3.c4 b6 4.a3 Bb7 5.Nc3 d5 6.cxd5 exd5 7.g3 Be7 8.Bg2 O-O
9.O-O c5 10.Bf4 Nbd7 11.dxc5 bxc5 12.Ne5 Nb6 13.a4 Qc8 14.Qb1 d4 15.Ne4 Nbd5
16.Bg5 Nxe4 17.Bxe7 Nxe7 18.Bxe4 Bxe4 19.Qxe4 Qe6 20.Rac1 f5 21.Qf4 Nd5 22.Qf3 Qxe5
23.Rxc5 Rad8  0-1

[Event "URS-ch U26"]
[Site "Lvov"]
[Date "1985.??.??"]
[Round "?"]
[White "Aseev, Konstantin N"]
[Black "Shneider, Aleksandr"]
[Result "1-0"]
[WhiteElo "2455"]
[BlackElo "2420"]

1.d4 Nf6 2.c4 e6 3.Nf3 b6 4.a3 Bb7 5.Nc3 d5 6.cxd5 exd5 7.g3 Nbd7 8.Bf4 a6
9.Bg2 Bd6 10.Bxd6 cxd6 11.Qb3 Qe7 12.O-O O-O 13.Rfd1 Qe6 14.Ne1 Ne4 15.Na2 a5
16.Nd3 g5 17.Nc3 f5 18.Rac1 Rfc8 19.Nb5 Bc6 20.a4 Kh8 21.Ne1 Nef6 22.Rc2 Bxb5
23.axb5 a4 24.Qd3 Rxc2 25.Qxc2 a3 26.Ra1 Re8 27.bxa3 Qxe2 28.Qxf5 Qb2 29.Rd1 Qxb5
30.Qxg5 Qb3 31.Qc1 Ne4 32.Rd3 Qa2 33.Qc2 Qa1 34.Qd1 Qb2 35.Qc2 Qa1 36.Qd1 Qa2
37.Bxe4 dxe4 38.Rd2 Qxa3 39.Ng2 Nf6 40.Ne3 Rc8 41.Kg2 b5 42.Qb1 b4 43.Rb2 Rb8  1-0

[Event "URS-ch U26"]
[Site "Lvov"]
[Date "1985.??.??"]
[Round "?"]
[White "Glek, Igor V"]
[Black "Rozentalis, Eduardas"]
[Result "1-0"]
[WhiteElo "2405"]
[BlackElo "2490"]

1.d4 e6 2.Nf3 Nf6 3.c4 b6 4.a3 Ne4 5.Nfd2 d5 6.e3 Bb7 7.cxd5 exd5 8.Nxe4 dxe4
9.Nc3 Bd6 10.Bb5+ Kf8 11.Qc2 Qg5 12.g3 a6 13.Bf1 f5 14.Bg2 h5 15.Bd2 Nd7
16.O-O-O h4 17.Rhf1 h3 18.Bh1 Qg4 19.f3 exf3 20.Rf2 g6 21.Rdf1 Kg7 22.Rxf3 Rhf8
23.Rf4 Bxf4 24.Bxb7 Bh6 25.Bf3 Qg5 26.Bxa8 Rxa8 27.Nd5 Rc8 28.Qc6 Qd8 29.Bc3 Qe8
30.Kd1 Kf7 31.Nxc7 Rxc7 32.Qxc7 Qe6 33.Kc2 Qd5 34.Kb1 b5 35.Ka1 Bg5 36.e4  1-0

[Event "URS-ch U26"]
[Site "Lvov"]
[Date "1985.??.??"]
[Round "?"]
[White "Vyzmanavin, Alexey"]
[Black "Aseev, Konstantin N"]
[Result "1/2-1/2"]
[WhiteElo "2485"]
[BlackElo "2455"]

1.d4 Nf6 2.c4 e6 3.Nf3 b6 4.a3 Bb7 5.Nc3 d5 6.cxd5 exd5 7.Qa4+ c6 8.g3 Be7
9.Bg2 O-O 10.O-O Re8 11.Ne5 Bd6 12.Bf4 Bxe5 13.Bxe5 Nbd7 14.Bf4 Nf8 15.Rad1 Ne6
16.Bc1 Re7 17.b4 h6 18.Qb3 Rd7 19.Bh3 Rd6 20.a4 Ng5 21.Bg2 Qd7 22.Kh1 Ne6
23.Ba3 Rb8  1/2-1/2

[Event "URS-ch U26"]
[Site "Lvov"]
[Date "1985.??.??"]
[Round "?"]
[White "Aseev, Konstantin N"]
[Black "Rozentalis, Eduardas"]
[Result "0-1"]
[WhiteElo "2455"]
[BlackElo "2490"]

1.d4 Nf6 2.c4 e6 3.Nf3 b6 4.a3 Bb7 5.Nc3 d5 6.cxd5 exd5 7.g3 Be7 8.Qa4+ c6
9.Bg2 O-O 10.O-O Nbd7 11.Bf4 a5 12.Rfd1 Re8 13.Rac1 Bf8 14.Qc2 h6 15.Ne5 Nxe5
16.Bxe5 Qe7 17.Bf3 Nd7 18.Bf4 b5 19.e4 dxe4 20.Nxe4 Qe6 21.Nc3 Rac8 22.Qb1 b4
23.axb4 axb4 24.Nb5 Qf6 25.Bg2 g5 26.Be3 Nb8 27.Na7 Rcd8 28.Qc2 Rd6 29.Qa4 Rde6
30.Rc2 Qe7 31.Qb3 Ba8 32.Ra1 Qb7 33.Qd3 Bg7 34.h3 R8e7 35.Qf5 Qd7 36.Nb5 Bb7
37.Na7 Rxe3 38.Qxd7 Re1+ 39.Kh2 Nxd7 40.Rxe1 Rxe1 41.d5 c5  0-1

[Event "WchT U26"]
[Site "Mendoza"]
[Date "1985.??.??"]
[Round "2"]
[White "Matamoros Franco, Carlos S"]
[Black "Yrjola, Jouni"]
[Result "1-0"]
[WhiteElo "2205"]
[BlackElo "2500"]

1.d4 Nf6 2.c4 e6 3.Nf3 b6 4.a3 Bb7 5.Nc3 d5 6.cxd5 exd5 7.Qa4+ c6 8.g3 Be7
9.Bg2 O-O 10.O-O Nbd7 11.Rd1 Re8 12.Bf4 Nh5 13.Ne5 Nxf4 14.gxf4 b5 15.Qc2 Nxe5
16.fxe5 Qd7 17.Rd3 Qe6 18.Bh3 Qh6 19.Kh1 Bc8 20.Bxc8 Raxc8 21.Rg3 Bf8 22.Rag1 Qh4
23.e3 Kh8 24.Qf5 Qe7 25.f4 g6 26.Qh3 b4 27.axb4 Qxb4 28.f5 Kg8 29.e6 Rc7
30.exf7+ Rxf7 31.fxg6 hxg6 32.Rxg6+ Bg7 33.Qh5 Rb8 34.Qe5 Rbb7 35.Qe8+ Qf8
36.Qxc6 Rfd7 37.Qe6+ Kh7 38.R6g3 Rf7 39.Rh3+ Kg8 40.Rhg3  1-0

[Event "WchT U26"]
[Site "Mendoza"]
[Date "1985.??.??"]
[Round "7"]
[White "Correa, Aron A"]
[Black "Barbero, Gerardo F"]
[Result "0-1"]
[WhiteElo "2240"]
[BlackElo "2365"]

1.d4 Nf6 2.c4 e6 3.Nf3 b6 4.a3 d5 5.Nc3 Be7 6.cxd5 exd5 7.Qa4+ c6 8.Bf4 Bb7
9.e3 O-O 10.Bd3 Nbd7 11.h3 c5 12.Rd1 a6 13.dxc5 bxc5 14.O-O Qb6 15.Ne5 Nxe5
16.Bxe5 Qe6 17.Bg3 Rfd8 18.Bb1 Rac8 19.Rfe1 Ne4 20.Nxe4 dxe4 21.Re2 Bc6 22.Qc2 Bb5
23.Rxd8+ Rxd8 24.Re1 Bd3 25.Qa4 c4 26.Ba2 Bf6 27.Rc1 Rc8 28.Qb4 h5 29.a4 h4
30.Bf4 a5 31.Qb5 Qc6 32.Qxa5 Ra8 33.Qf5 Qxa4 34.Bxc4 Bxc4 35.b3 Qxb3 36.Qxe4 Bd5
37.Qf5 Be6 38.Qc5  0-1

[Event "DEN-ch"]
[Site "Naestved"]
[Date "1985.??.??"]
[Round "?"]
[White "Fries Nielsen, Jens Ove"]
[Black "Hansen, Curt"]
[Result "0-1"]
[WhiteElo "2390"]
[BlackElo "2505"]

1.d4 Nf6 2.c4 e6 3.Nf3 b6 4.a3 Bb7 5.Nc3 d5 6.cxd5 Nxd5 7.e3 c5 8.Bd3 cxd4
9.exd4 Nd7 10.O-O Be7 11.Qe2 O-O 12.Bd2 Qc7 13.Rac1 Nf4 14.Bxf4 Qxf4 15.Be4 Bxe4
16.Nxe4 Rac8 17.Nc3 Bf6 18.Qa6 Rc7 19.Ne2 Qd6 20.Rxc7 Qxc7 21.Rc1 Qb8 22.b4 Rd8
23.a4 Nf8 24.Qc4 Ng6 25.g3 Ne7 26.b5 Rc8 27.Qd3 Rxc1+ 28.Nxc1 Qc7 29.Ne2 Nd5
30.Kg2 g6 31.h3 Kg7 32.Qb3 Kf8 33.Ne1 Kg7 34.Nf3 Qd6 35.Nc1 Ne7 36.Ne2 Nf5
37.Qc4 Qa3 38.g4 Nh4+ 39.Nxh4 Bxh4 40.Ng3 Bxg3 41.fxg3 Qe3 42.Qc7 Qxd4 43.Qxa7 e5
44.a5 e4 45.Qc7 Qb2+ 46.Kg1 e3 47.Qf4 Qa1+ 48.Qf1 Qd4 49.Qe2 bxa5  0-1

[Event "New York op"]
[Site "New York"]
[Date "1985.??.??"]
[Round "3"]
[White "Fedorowicz, John P"]
[Black "Gliksman, David N"]
[Result "1/2-1/2"]
[WhiteElo "2520"]
[BlackElo "2215"]

1.d4 Nf6 2.c4 e6 3.Nf3 b6 4.a3 d5 5.cxd5 exd5 6.Nc3 Be7 7.g3 O-O 8.Bg2 Bb7
9.O-O Nbd7 10.Qa4 Ne4 11.Rd1 Nxc3 12.bxc3 Nf6 13.Bb2 Bd6 14.Rac1 Qe8 15.Qc2 Ba6
16.Re1 Ne4 17.Nd2 f5 18.c4 c6 19.cxd5 cxd5 20.Qb3 Qb5 21.Qxb5 Bxb5 22.Nxe4 fxe4
23.f3  1/2-1/2